| 000 | 00828nas a2200277 4500 | ||
|---|---|---|---|
| 001 | BR7904400 | ||
| 003 | BR-BrBNA | ||
| 005 | 20231205083828.0 | ||
| 007 | ta | ||
| 008 | 230509b bl.|||p| |||| 00| 00por d | ||
| 040 |
_aBR-BrBNA _bpor _cBiblioteca Nacional de Agricultura |
||
| 041 | _a(Pt) | ||
| 072 | _aF50 | ||
| 100 | 1 | _aMarcondes, D.A.S. | |
| 100 | 1 | _aMachado, J.R. | |
| 100 | 1 | _aBrinholi, O. | |
| 100 | 1 | _aNakagawa, J. | |
| 245 | 1 | _aCaracteristicas biometricas de quatro cultivares de girassol (H. annuus, L.)em Botucatu [Sao Paulo, Brasil] | |
| 650 | _aGIRASSOL | ||
| 650 | _aMORFOLOGIA VEGETAL | ||
| 650 | _aBOTUCATU | ||
| 650 | _aSAO PAULO | ||
| 773 | 0 |
_tEcossistema (Brazil) _xISSN 0100-4107 _g(Sep 1979), v. 4(1) p. 35-41 _wBR7904400 |
|
| 909 |
_a202311 _bLúcia _c55 _dLúcia Elande |
||
| 942 |
_2AGRIS _n0 _cANA |
||
| 999 |
_c101444 _d101444 |
||